A guide to academic writing / (Record no. 900)
| 000 -LEADER | |
|---|---|
| fixed length control field | 00589nam a22001937a 4500 |
| 003 - CONTROL NUMBER IDENTIFIER | |
| control field | OSt |
| 005 - DATE AND TIME OF LATEST TRANSACTION | |
| control field | 20140116120841.0 |
| 008 - FIXED-LENGTH DATA ELEMENTS--GENERAL INFORMATION | |
| fixed length control field | 120412t xxu||||| |||| 00| 0 eng d |
| 020 ## - INTERNATIONAL STANDARD BOOK NUMBER | |
| International Standard Book Number | 9966992502 |
| 050 ## - LIBRARY OF CONGRESS CALL NUMBER | |
| Classification number | LB 2369 .P48 1993 |
| 100 ## - MAIN ENTRY--PERSONAL NAME | |
| Personal name | Peter, C. B. |
| 245 ## - TITLE STATEMENT | |
| Title | A guide to academic writing / |
| Statement of responsibility, etc | C. B. Peter . |
| 260 ## - PUBLICATION, DISTRIBUTION, ETC. (IMPRINT) | |
| Place of publication, distribution, etc | Eldoret : |
| Name of publisher, distributor, etc | Zapf Chancery , |
| Date of publication, distribution, etc | 1994. |
| 300 ## - PHYSICAL DESCRIPTION | |
| Extent | xii, 271 p. |
| 504 ## - BIBLIOGRAPHY, ETC. NOTE | |
| Bibliography, etc | Includes bibliographical reference and index. |
| 650 ## - SUBJECT ADDED ENTRY--TOPICAL TERM | |
| Topical term or geographic name as entry element | Academic writing. |
| General subdivision | Thesis writing. |
| -- | Dissertations writing. |
| 650 ## - SUBJECT ADDED ENTRY--TOPICAL TERM | |
| Topical term or geographic name as entry element | Scholarly publishing. |
| 942 ## - ADDED ENTRY ELEMENTS (KOHA) | |
| Source of classification or shelving scheme | |
| Koha item type | Book |
| Withdrawn status | Lost status | Source of classification or shelving scheme | Damaged status | Not for loan | Home library | Current library | Shelving location | Date acquired | Source of acquisition | Total Checkouts | Full call number | Barcode | Date last seen | Copy number | Price effective from | Koha item type | Date checked out |
|---|---|---|---|---|---|---|---|---|---|---|---|---|---|---|---|---|---|
| Riara University Library | Riara University Library | Short Loan | 12/04/2012 | Purchase | LB 2369 .P48 1993 | 3308/12 | 12/04/2012 | C.1 | 12/04/2012 | Book on Shortloan | |||||||
| Riara University Library | Riara University Library | 12/04/2012 | Purchase | 6 | LB 2369 .P48 1993 | 3309/12 | 23/09/2016 | C.2 | 12/04/2012 | Book | 05/09/2016 |
